Văn hoá học /

Shranjeno v:
Bibliografske podrobnosti
Glavni avtor: Rôđin, V.M.
Drugi avtorji: Nguyễn Hồng Minh (dịch)
Format: Sách giấy
Jezik:Vietnamese
Izdano: Hà Nội : Chính trị Quốc gia , 2000
Oznake: Označite
Brez oznak, prvi označite!
Thư viện lưu trữ: Thư viện Trường Đại học Đà Lạt
LEADER 00615nam a2200253 4500
001 DLU020017357
005 ##3/27/2001
020 # # |a 978- 
041 # # |a vie 
082 # # |a 306  |b RO-V 
100 # # |a Rôđin, V.M. 
245 # # |a Văn hoá học /  |c V.M. Rôđin; Nguyễn Hồng Minh dịch 
260 # # |a Hà Nội :  |b Chính trị Quốc gia ,  |c 2000 
300 # # |a 312 tr.;   |c 21 cm. 
700 # # |a Nguyễn Hồng Minh  |e dịch 
992 # # |a 25000 
994 # # |a DLU 
900 # # |a False 
911 # # |a Administrator 
925 # # |a G 
926 # # |a A 
927 # # |a SH 
980 # # |a Thư viện Trường Đại học Đà Lạt